[Event "Krasnogorsk Crocus Rapid"]
[Site "Krasnogorsk"]
[Date "2022.10.01"]
[Round "4"]
[White "Kramnik, Vladimir"]
[Black "Vallejo Pons, Francisco"]
[Result "1-0"]
[WhiteElo "2753"]
[BlackElo "2711"]
[PlyCount "63"]
[EventDate "2022.09.30"]
[EventType "tourn (rapid)"]
[EventRounds "9"]
[EventCountry "RUS"]
[EventCategory "17"]
[SourceTitle "EXT 2023"]
[Source "ChessBase"]
[SourceDate "2022.10.05"]
[SourceVersion "1"]
[SourceVersionDate "2022.10.05"]
[SourceQuality "1"]

1. Nf3 d5 2. g3 Bg4 3. Bg2 c6 4. O-O Nf6 5. d3 e6 6. h3 Bh5 ({RR} 6... Bxf3 7. Bxf3 Nbd7 8. Bg2 Bc5 9. Nd2 O-O 10. e3 a5 11. c4 a4 12. Qc2 Qe7 13. Nf3 Rfc8 14. Bd2 Bb4 15. Rac1 Bxd2 16. Qxd2 Qd8 17. Rfd1 Qa5 18. Qc2 h6 19. cxd5 exd5 20. Nd4 Re8 21. Nf5 {Fressinet,L (2700)-Wojtaszek,R (2727) Huaian 2016 ½-½ (44)}) 7. Qe1 ({RR} 7. c4 dxc4 8. dxc4 Qxd1 9. Rxd1 Nbd7 10. Nc3 Bb4 11. Bd2 Bg6 12. Nh4 O-O 13. Nxg6 hxg6 14. a3 Bxc3 15. Bxc3 Rfd8 16. b4 Nb6 17. c5 Na4 18. Be5 Nd5 19. Rac1 a5 20. e4 Ne7 21. Bc7 Rxd1+ {Kiremitciyan,A (2271)-Do Nascimento,C (2107) chess.com INT 2025 0-1 (49)}) 7... a5 $146 ({RR} 7... Be7 8. e4 O-O 9. Nbd2 a5 10. Kh1 Na6 11. a3 Nc5 12. Nh2 dxe4 13. dxe4 e5 14. Nc4 Re8 15. f3 Nfd7 16. Bd2 a4 17. Bc3 f6 18. Ne3 Bf8 19. Nhg4 Bf7 20. Rd1 Qc7 21. Nf5 h5 22. Nf2 {Movsesian,S (2624)-Meduna,E (2474) Czech Republic 2002 ½-½}) 8. e4 a4 9. a3 Be7 10. Nc3 dxe4 11. dxe4 Bxf3 12. Bxf3 Nbd7 13. Bg2 e5 14. f4 O-O 15. Kh1 Re8 16. g4 exf4 17. Bxf4 Qb6 18. Qg3 Nf8 19. Bc7 Qa6 20. e5 N6d7 21. Ne4 Ne6 22. Bd6 Qb5 23. Qf2 Nxe5 24. c4 Qa5 25. Bxe5 Qxe5 26. Qxf7+ Kh8 27. Rf5 Qxb2 28. Raf1 Bxa3 29. c5 h6 30. Nd6 Ng5 31. Qg6 Bxc5 32. Nxe8 1-0

[Event "Krasnogorsk Crocus Rapid"]
[Site "Krasnogorsk"]
[Date "2022.10.02"]
[Round "7"]
[White "Morozevich, Alexander"]
[Black "Inarkiev, Ernesto"]
[Result "1-0"]
[WhiteElo "2659"]
[BlackElo "2661"]
[PlyCount "115"]
[EventDate "2022.09.30"]
[EventType "tourn (rapid)"]
[EventRounds "9"]
[EventCountry "RUS"]
[EventCategory "17"]
[SourceTitle "EXT 2023"]
[Source "ChessBase"]
[SourceDate "2022.10.05"]
[SourceVersion "1"]
[SourceVersionDate "2022.10.05"]
[SourceQuality "1"]

1. b3 d5 2. Bb2 c5 3. e3 a6 4. Nf3 Nc6 5. d4 Nf6 6. Be2 cxd4 7. Nxd4 e6 8. O-O Bd6 9. c4 Nxd4 $146 ({RR} 9... e5 10. Nxc6 bxc6 11. Nc3 Be6 12. Na4 O-O 13. Rc1 Qe7 14. Qc2 Rfd8 15. Rfd1 h6 16. h3 Kh8 17. b4 Nd7 18. cxd5 cxd5 19. Nc5 Nxc5 20. bxc5 Bc7 21. e4 dxe4 22. Qxe4 Bxa2 23. Rxd8+ Rxd8 24. Bd3 {Prohaszka,P (2581)-Niedbala,B (2396) Budapest HUN 2024 ½-½}) 10. Qxd4 dxc4 11. Rd1 Be7 12. Qxc4 Bd7 13. Bf3 Rc8 14. Qf4 Rc2 15. Ba3 Qc7 16. Bxe7 Qxf4 17. exf4 Kxe7 18. Bxb7 a5 19. Na3 Rc7 20. Bf3 a4 21. Rdc1 Rxc1+ 22. Rxc1 axb3 23. axb3 Rb8 24. Rc3 Nd5 25. Bxd5 exd5 26. Nc2 Kd6 27. f3 Re8 28. Kf2 g6 29. g4 h6 30. h3 f6 31. Nd4 Ra8 32. b4 Ra1 33. Rb3 Ra2+ 34. Ke3 Ba4 35. Rb1 Ra3+ 36. Kd2 Ra2+ 37. Kc3 Ra3+ 38. Rb3 Ra2 39. Rb2 Ra3+ 40. Kd2 Kc7 41. Rc2+ Kd7 42. Rc5 Bb3 43. Nb5 Ra2+ 44. Kc3 Bc4 45. Rc7+ Kd8 46. Rb7 Rf2 47. Nd4 Rf1 48. b5 Rd1 49. Ne6+ Kc8 50. Rc7+ Kb8 51. b6 Rb1 52. Rc6 Rb3+ 53. Kd4 Bb5 54. Rd6 Rd3+ 55. Kc5 Ba4 56. Kb4 Bd1 57. Rd8+ Kb7 58. Nc5+ 1-0

[Event "EU-Cup 37th"]
[Site "Mayrhofen"]
[Date "2022.10.06"]
[Round "4.3"]
[White "Amin, Bassem"]
[Black "Michalik, Peter"]
[Result "1-0"]
[WhiteElo "2667"]
[BlackElo "2558"]
[PlyCount "85"]
[EventDate "2022.10.03"]
[EventType "team-swiss"]
[EventRounds "7"]
[EventCountry "AUT"]
[SourceTitle "EXT 2023"]
[Source "ChessBase"]
[SourceDate "2022.10.05"]
[SourceVersion "1"]
[SourceVersionDate "2022.10.05"]
[SourceQuality "1"]
[WhiteTeam "Clichy Echecs 92"]
[BlackTeam "Ajka BSK"]
[WhiteTeamCountry "FRA"]
[BlackTeamCountry "HUN"]

1. Nf3 d5 2. g3 g6 3. Bg2 Bg7 4. O-O c5 5. d3 Nf6 6. Nbd2 O-O 7. e4 Nc6 8. c3 dxe4 9. dxe4 Nd7 ({RR} 9... Qd3 10. Re1 Rd8 11. Bf1 Qd7 12. h3 Qc7 13. Qc2 b6 14. a4 Nd7 15. Nc4 Nde5 16. Nfxe5 Nxe5 17. Nxe5 Bxe5 18. f4 Bg7 19. Be3 Bb7 20. Bg2 e5 21. f5 Rd7 22. Rf1 Rad8 23. fxg6 hxg6 24. Bg5 {Petrosian,T (2592)-Mamedyarov,S (2754) ICC INT 2007 1-0 (77)}) 10. Qe2 b6 ({RR} 10... Qc7 11. Ne1 b6 12. f4 a5 13. a4 Ba6 14. Nc4 b5 15. axb5 Bxb5 16. Nc2 Nb6 17. N2a3 Ba6 18. e5 Rad8 19. Qe4 Nxc4 20. Nxc4 Nd4 21. cxd4 Bxc4 22. Rd1 Bb3 23. Rd2 cxd4 24. Rxd4 f6 25. Be3 {Bibilashvili,L (1865)-Camacho Collados,M (2460) Galdar (Gran Canaria) ESP 2024 0-1 (38)}) 11. e5 e6 $146 ({RR} 11... Qc7 12. e6 fxe6 13. Qxe6+ Kh8 14. Ng5 Nde5 15. Qd5 Rd8 16. Qb3 Na5 17. Qa4 c4 18. Bxa8 Bd7 19. Qb4 Bf8 20. Qa3 Rxa8 21. b3 Nd3 22. Nxc4 h6 23. Nxa5 hxg5 24. Bxg5 bxa5 25. Bxe7 Bg7 26. Rfd1 {Hein,A-Reinemer,F Wittlich 1990 0-1 (66)}) 12. Ne4 Qc7 13. Bf4 Bb7 14. Nd6 h6 15. h4 Rad8 16. Nxb7 Qxb7 17. Rad1 Qc7 18. Rfe1 Ndb8 19. Nh2 Rxd1 20. Rxd1 h5 21. Re1 Nd7 22. Nf3 Rd8 23. a4 Nf8 24. g4 hxg4 25. Nh2 Ne7 26. Nxg4 Qd7 27. Be4 Nh7 28. Bc2 Nf5 29. h5 Qe7 30. hxg6 fxg6 31. Nf6+ Kh8 32. Kg2 Nh4+ 33. Kh3 Nxf6 34. Bg5 Qf8 35. Kxh4 Nh5 36. Bxd8 Qxd8+ 37. Kg4 Bh6 38. Rh1 Qg5+ 39. Kf3 Nf4 40. Qf1 Kg7 41. Be4 c4 42. Qg1 Ng2 43. Qh2 1-0

[Event "EU-Cup 37th"]
[Site "Mayrhofen"]
[Date "2022.10.08"]
[Round "6.2"]
[White "Van Foreest, Jorden"]
[Black "Huschenbeth, Niclas"]
[Result "1-0"]
[WhiteElo "2694"]
[BlackElo "2593"]
[PlyCount "79"]
[EventDate "2022.10.03"]
[EventType "team-swiss"]
[EventRounds "7"]
[EventCountry "AUT"]
[SourceTitle "EXT 2023"]
[Source "ChessBase"]
[SourceDate "2022.10.05"]
[SourceVersion "1"]
[SourceVersionDate "2022.10.05"]
[SourceQuality "1"]
[WhiteTeam "Clichy Echecs 92"]
[BlackTeam "Bayern Muenchen"]
[WhiteTeamCountry "FRA"]
[BlackTeamCountry "GER"]

1. Nf3 d5 2. g3 c5 3. Bg2 Nf6 4. O-O g6 5. d3 Bg7 6. Re1 ({RR} 6. Be3 d4 7. Bf4 O-O 8. c3 Nc6 9. Ne5 Nd5 10. Nxc6 bxc6 11. Bd2 Qb6 12. Qc1 Rb8 13. c4 Nc7 14. b3 a5 15. Bh6 Ne6 16. Bxg7 Kxg7 17. Nd2 Bd7 18. Nf3 Qc7 19. e3 a4 20. bxa4 Rb4 {Caruana,F (2796)-Vidit,S (2720) Zagreb CRO 2024 1-0 (47)}) 6... Nc6 ({RR} 6... O-O 7. Nc3 Nc6 8. e4 e5 9. exd5 Nxd5 10. Nxd5 Qxd5 11. Ng5 Qd8 12. Be3 Bd7 13. Ne4 b6 14. Nc3 Rc8 15. a3 Re8 16. Bd5 Be6 17. Qf3 Bxd5 18. Nxd5 Nd4 19. Bxd4 cxd4 20. Rac1 Rc5 21. c4 {Chandreyee,H (2044)-Colonetti,F (2170) chess.com INT 2025 ½-½ (61)}) 7. Bd2 $146 ({RR} 7. e4 dxe4 8. dxe4 Qxd1 9. Rxd1 Nxe4 10. Nbd2 Nf6 11. Nc4 O-O 12. Nce5 Nb4 13. Rd2 Bh6 14. Re2 Bxc1 15. Rxc1 Nxa2 16. Rd1 Nb4 17. c3 Nbd5 18. h3 a5 19. Ng5 Nc7 20. Ra1 e6 21. Nc4 h6 {Beauchemin,P (1668)-Cummins,P (1736) Quebec 2007 0-1 (53)}) 7... O-O 8. e4 d4 9. a4 e5 10. Na3 Ne8 11. Kh1 Nd6 12. c3 a6 13. Nc2 Be6 14. Ng5 Bb3 15. Ra3 c4 16. Nf3 Qb6 17. Qb1 dxc3 18. bxc3 Qxf2 19. Ne3 Rad8 20. d4 Nxe4 21. Qxe4 f5 22. Qb1 exd4 23. Rxb3 dxe3 24. Bxe3 Qxe1+ 25. Nxe1 cxb3 26. Qxb3+ Kh8 27. Nf3 Rd3 28. Bg1 Rxc3 29. Qxb7 Rb8 30. Qxa6 Rc1 31. Bf1 h6 32. Bb5 Nd4 33. Qa7 Rd8 34. Qe7 Rdc8 35. Ne5 g5 36. Bd3 Rd1 37. Kg2 Rd2+ 38. Bf2 Rb8 39. Bc4 Kh7 40. Qf7 1-0

[Event "Titled Tuesday intern op 04th Oct Early"]
[Site "Chess.com INT"]
[Date "2022.10.04"]
[Round "5"]
[White "Nakamura, Hikaru"]
[Black "Tang, Andrew"]
[Result "1-0"]
[WhiteElo "2768"]
[BlackElo "2539"]
[PlyCount "109"]
[EventDate "2022.10.04"]
[EventType "swiss (blitz)"]
[EventRounds "11"]
[EventCountry "USA"]
[SourceTitle "EXT 2023"]
[Source "ChessBase"]
[SourceDate "2022.10.05"]
[SourceVersion "1"]
[SourceVersionDate "2022.10.05"]
[SourceQuality "1"]

1. g3 ({RR} 1. Nf3 Nf6 2. g3 {½-½ (2) Datu,I (2445)-Wu,S (2535) Beijing 2001}) 1... d5 2. Nf3 Nf6 3. e3 ({RR} 3. c4 g6 4. d4 Bg7 5. cxd5 Nxd5 6. e4 Nb6 7. Nc3 O-O 8. Be3 Bg4 9. Be2 N8d7 10. Qb3 Nf6 11. h3 Bxf3 12. Bxf3 c6 13. Ne2 e6 14. O-O-O Qe7 15. g4 Rfc8 16. Kb1 Nfd7 17. Rc1 c5 {Radovinski,J (1502)-Ipekyilmaz,T (1645) Nordrheinwestfalen 2017 ½-½ (33)}) 3... e6 $146 ({RR} 3... c5 4. Bg2 Bg4 5. d4 e6 6. c3 Nc6 7. h3 Bxf3 8. Bxf3 Ne4 9. Bg2 cxd4 10. exd4 Bd6 11. Bxe4 dxe4 12. Qg4 f5 13. Qxg7 Rf8 14. Qxh7 Qf6 15. Qxb7 Rb8 16. Qxc6+ Ke7 17. d5 Rb6 18. Qc4 {Bueno,J-Silva,R Araucaria 2011 1-0 (38)}) 4. c4 Bd6 5. Nc3 O-O 6. d4 b6 7. Bg2 Bb7 8. cxd5 exd5 9. O-O a6 10. b3 Nbd7 11. Bb2 Re8 12. Rc1 Rc8 13. Nd2 Qe7 14. Qc2 Nf8 15. Nc4 Bb4 16. Ne5 Ne6 17. Rfd1 Bd6 18. Nc4 Bb4 19. a3 Bxc3 20. Qxc3 Ba8 21. Nxb6 Rb8 22. Na4 Ng5 23. Nc5 Nfe4 24. Qd3 Nxc5 25. dxc5 Ne4 26. b4 a5 27. Qd4 Qg5 28. c6 axb4 29. axb4 f6 30. Bf1 Qf5 31. f4 Nd6 32. Bg2 Kh8 33. Bxd5 Qg4 34. e4 Rbd8 35. Re1 h5 36. Qf2 h4 37. Rc3 f5 38. e5 Nb5 39. Bf3 Qg6 40. Rc5 Na7 41. b5 Rb8 42. Be2 Nxc6 43. e6 Nd8 44. Rxc7 Nxe6 45. Ra7 Rbd8 46. Be5 Rc8 47. b6 Nc5 48. Rxg7 Qxg7 49. Bxg7+ Kxg7 50. Bf1 Ne4 51. Qb2+ Kg6 52. b7 Rb8 53. bxa8=Q Rxa8 54. Qb6+ Kg7 55. Rc1 1-0

[Event "Titled Tuesday intern op 04th Oct Early"]
[Site "Chess.com INT"]
[Date "2022.10.04"]
[Round "7"]
[White "Bacrot, Etienne"]
[Black "Makarian, Rudik"]
[Result "1-0"]
[WhiteElo "2646"]
[BlackElo "2505"]
[PlyCount "125"]
[EventDate "2022.10.04"]
[EventType "swiss (blitz)"]
[EventRounds "11"]
[EventCountry "USA"]
[SourceTitle "EXT 2023"]
[Source "ChessBase"]
[SourceDate "2022.10.05"]
[SourceVersion "1"]
[SourceVersionDate "2022.10.05"]
[SourceQuality "1"]

1. Nf3 Nf6 2. g3 g6 3. Bg2 Bg7 4. O-O c5 5. d3 Nc6 6. e4 O-O 7. Nbd2 d6 8. c3 Rb8 9. h3 ({RR} 9. a3 b5 10. Re1 a5 11. a4 b4 12. Qc2 bxc3 13. bxc3 Ba6 14. Bf1 Nd7 15. Nc4 Bxc4 16. dxc4 Nde5 17. Nd2 Qc7 18. Rb1 Rxb1 19. Qxb1 h5 20. Qc2 Rb8 21. f4 Nd7 22. Bd3 e6 23. Nb1 Rxb1 {Mac Intyre,P (2309)-Ibragimov,I (2672) Windsor Locks 2002 0-1 (41)}) 9... b5 10. Re1 ({RR} 10. d4 cxd4 11. cxd4 d5 12. e5 Nd7 13. Re1 e6 14. Nf1 Nb6 15. N1h2 Nc4 16. Ng4 a5 17. b3 Nb6 18. Bg5 Qc7 19. Qd2 Qb7 20. Bh6 f5 21. exf6 Bxh6 22. Qxh6 Rf7 23. Ng5 Rc7 24. f7+ Rxf7 {Gutierrez Olivares,D (2354)-Dilmukhametov,A (2276) chess.com INT 2025 1-0}) 10... b4 11. Qc2 Nd7 $146 ({RR} 11... Ne8 12. Nf1 Nc7 13. Bd2 Ba6 14. Ne3 Qd7 15. Rad1 Rfc8 16. c4 Ne6 17. Bc1 Ncd4 18. Nxd4 Nxd4 19. Qd2 b3 20. a3 e6 21. f4 Bb7 22. g4 Bc6 23. Qf2 Kh8 24. g5 f6 25. gxf6 Bxf6 26. Ng4 {Oberbichler,R (1938)-Novak,P (2339) Feffernitz 2008 0-1 (46)}) 12. Nc4 Ba6 13. Bg5 bxc3 14. bxc3 Bxc4 15. dxc4 Qa5 16. e5 dxe5 17. Rad1 Nb6 18. Nd2 Rfc8 19. Bxc6 Rxc6 20. Bxe7 Re6 21. Nb3 Qa4 22. Bd6 Rc8 23. Qe2 Bf8 24. Bxf8 Kxf8 25. Qe3 Qxc4 26. Qh6+ Kg8 27. Nd2 Qa4 28. Ne4 f6 29. Nxc5 Rxc5 30. Rd8+ Re8 31. Red1 Rc8 32. R8d6 e4 33. R1d4 Qxa2 34. Rd7 Nxd7 35. Rxd7 Qf7 36. Rxf7 Kxf7 37. Qxh7+ Ke6 38. Qxg6 Ra8 39. Qxe4+ Kd6 40. Qd4+ Kc6 41. Qxf6+ Kc5 42. Qd4+ Kb5 43. Qb4+ Kc6 44. Qa5 a6 45. Kg2 Reb8 46. c4 Rf8 47. h4 Rfe8 48. h5 Rh8 49. h6 Kb7 50. Qd5+ Kb6 51. Qd6+ Ka5 52. g4 Ka4 53. g5 a5 54. g6 Kb3 55. g7 Rhg8 56. Qd3+ Kb4 57. Qd6+ Kb3 58. Qb6+ Kc2 59. Qg6+ Kb3 60. h7 a4 61. hxg8=Q Rxg8 62. c5 a3 63. Qf7+ 1-0

[Event "Titled Tuesday intern op 04th Oct Late"]
[Site "Chess.com INT"]
[Date "2022.10.04"]
[Round "5"]
[White "Duda, Jan Krzysztof"]
[Black "Zakhartsov, Vladimir"]
[Result "1-0"]
[WhiteElo "2731"]
[BlackElo "2523"]
[PlyCount "47"]
[EventDate "2022.10.04"]
[EventType "swiss (blitz)"]
[EventRounds "11"]
[EventCountry "USA"]
[SourceTitle "EXT 2023"]
[Source "ChessBase"]
[SourceDate "2022.10.05"]
[SourceVersion "1"]
[SourceVersionDate "2022.10.05"]
[SourceQuality "1"]

1. Nf3 d5 2. c4 d4 3. b4 g5 4. h3 Bg7 5. Nxg5 e5 6. Ne4 ({RR} 6. d3 h6 7. Ne4 f5 8. Nc5 b6 9. Qa4+ Kf8 10. Nb3 Bd7 11. b5 Nf6 12. g3 Qe7 13. Ba3 c5 14. bxc6 Bxc6 15. Bxe7+ Kxe7 16. Qa3+ {1-0 (16) Anton Guijarro,D (2663)-Jaskolka,T (2198) chess.com INT 2025}) 6... f5 7. Nc5 b6 8. Qa4+ $146 ({RR} 8. Nb3 Nf6 9. d3 O-O 10. e3 a5 11. bxa5 bxa5 12. a4 Bb7 13. exd4 exd4 14. Be2 Bxg2 15. Rg1 Bxh3 16. Bh6 Ng4 17. Bxg7 Kxg7 18. Qd2 Qh4 19. Qf4 Nc6 20. Nxd4 Nb4 21. Kd2 Kh8 22. f3 Qf2 {Anton Guijarro,D (2669)-Rogov,M (2191) chess.com INT 2024 1-0 (49)}) 8... c6 9. Nd3 Ne7 10. Bb2 O-O 11. g3 Be6 12. Na3 Ng6 13. h4 e4 14. h5 exd3 15. hxg6 hxg6 16. exd3 Re8 17. O-O-O a5 18. b5 Nd7 19. bxc6 Nc5 20. Qb5 Qc7 21. Nc2 Rad8 22. Rh4 g5 23. Rxd4 Bxd4 24. Bxd4 1-0

[Event "Titled Tuesday intern op 04th Oct Late"]
[Site "Chess.com INT"]
[Date "2022.10.04"]
[Round "5"]
[White "Svane, Rasmus"]
[Black "Nasuta, Grzegorz"]
[Result "1-0"]
[WhiteElo "2615"]
[BlackElo "2542"]
[PlyCount "55"]
[EventDate "2022.10.04"]
[EventType "swiss (blitz)"]
[EventRounds "11"]
[EventCountry "USA"]
[SourceTitle "EXT 2023"]
[Source "ChessBase"]
[SourceDate "2022.10.05"]
[SourceVersion "1"]
[SourceVersionDate "2022.10.05"]
[SourceQuality "1"]

1. Nf3 d5 2. g3 Nf6 3. Bg2 Bg4 4. O-O e6 5. h3 Bh5 6. d4 Nbd7 7. c4 c6 8. cxd5 exd5 9. Ne5 Ne4 ({RR} 9... Bg6 10. Nc3 Bd6 11. f4 Be4 12. Nxe4 Nxe4 13. Bxe4 dxe4 14. Qb3 O-O 15. Qxb7 Nf6 16. Nxc6 Qe8 17. Ne5 Rc8 18. Qb3 Rc7 19. Be3 Qa8 20. Rac1 Rb8 21. Qa4 Rxb2 22. Rxc7 Bxc7 23. Rc1 Qb7 24. Qc6 {Svane,R (2648)-Andreikin,D (2729) Chess.com INT 2022 1-0 (52)}) 10. Bxe4 dxe4 11. Nc3 f6 $146 ({RR} 11... Be7 12. Qb3 f6 13. Nc4 Bf7 14. Nxe4 Nb6 15. Ned2 Nxc4 16. Nxc4 b5 17. Qf3 Bd5 18. e4 Bxc4 19. Rd1 O-O 20. b3 Bf7 21. Be3 Qd7 22. g4 a5 23. Rac1 a4 24. Rd3 axb3 25. axb3 Rfc8 26. Rcd1 {Svane,R (2625)-Nasuta,G (2552) chess.com INT 2023 0-1 (75)}) 12. Nc4 Bg6 13. d5 Nb6 14. Qb3 Nxc4 15. Qxc4 cxd5 16. Nxd5 Rc8 17. Qb3 Bc5 18. Rd1 Qd6 19. Bf4 Qc6 20. Rac1 Bf7 21. Qc4 Bxf2+ 22. Kxf2 Qxc4 23. Rxc4 Rxc4 24. Nc7+ Ke7 25. Bd6+ Kd7 26. Bf4+ Kc8 27. Nb5 Rc6 28. Nxa7# 1-0

[Event "Aimchess Rapid KO"]
[Site "chess24.com INT"]
[Date "2022.10.18"]
[Round "1.12"]
[White "Carlsen, M."]
[Black "Erigaisi, Arjun"]
[Result "1-0"]
[WhiteElo "2856"]
[BlackElo "2728"]
[PlyCount "95"]
[EventDate "2022.10.18"]
[EventType "k.o."]

1. Nf3 {Yermolinsky,Alex} d5 2. g3 c5 3. Bg2 Nf6 4. O-O g6 5. d4 cxd4 6. Nxd4 Bg7 7. Nb3 ({RR} 7. c4 O-O 8. cxd5 Nxd5 9. Nc3 Nxc3 10. bxc3) 7... Nc6 8. Nc3 e6 9. e4 d4 10. e5 ({RR} 10. Na4 O-O 11. c3 dxc3 ({RR} 11... e5 12. cxd4 exd4 13. Re1) 12. Nxc3 e5 13. Be3 Bg4 14. f3 Be6 15. Nc5 Qe7 16. Nxe6 Qxe6 17. Qd2 Rfd8 18. Qf2 Bf8 19. h3 Bb4 20. Rac1 Rd3 ({RR} 20... Bxc3 21. Rxc3 Qxa2 22. Bg5 Qe6 23. f4 exf4 24. gxf4 ({RR} 24. Qxf4 Nh5) 24... Nxe4 25. Bxe4 Qxe4 26. Bxd8 Rxd8) 21. Rfd1 Rad8 22. Rxd3 Rxd3 23. Bf1 Rd8 24. a3 Be7 {Nakamura,H (2781)-Anand,V (2782) London 2017 CBM 182 [Yermolinsky,Alex ] ½-½ (44)} {RR} 25. Kh2 a6 26. Nd5 Nxd5 27. Bc4) 10... dxc3 11. exf6 $146 ({RR} 11. Qxd8+ Nxd8 12. exf6 Bxf6 13. bxc3 Bd7 14. Nc5 Rc8 15. Ne4 Be7 16. Be3 f5 17. Bd4 O-O 18. Nd2 Nc6 19. Be3 b6 20. Rfd1 Rfd8 21. Nc4 Be8 22. Rd3 b5 23. Nd2 b4 24. c4 Rxd3 25. cxd3 Rd8 {Meier,G (2620)-Sethuraman,S (2594) chess.com INT 2024 0-1 (75)}) 11... Bxf6 12. bxc3 O-O 13. Qf3 Bg7 14. Ba3 Re8 15. Rab1 Qf6 16. Qxf6 Bxf6 17. Rfd1 Bxc3 18. Nc5 Bf6 19. Nxb7 Bxb7 20. Rxb7 Nd4 21. c4 Rac8 22. Bf1 Red8 23. Kg2 a5 24. c5 Rb8 25. Rb6 Kg7 26. Ba6 e5 27. Rdb1 Nc6 28. R1b5 Rxb6 29. cxb6 e4 30. Bc5 Rd2 31. b7 Nb8 32. Rxa5 Rd7 33. Bc4 Rxb7 34. Bd5 Rd7 35. Bxe4 Bd4 36. Bb4 Ra7 37. Rxa7 Bxa7 38. a4 Kf6 39. Bd5 Na6 40. Bd6 Bb6 41. Bc4 Nc7 42. Bb4 Bd4 43. a5 h5 44. a6 Ne8 45. f4 Nc7 46. Bd6 Na8 47. Bd5 Nb6 48. a7 1-0

[Event "Aimchess Rapid KO"]
[Site "chess24.com INT"]
[Date "2022.10.18"]
[Round "1.14"]
[White "Rapport, R."]
[Black "Gukesh, D."]
[Result "1-0"]
[WhiteElo "2754"]
[BlackElo "2732"]
[PlyCount "333"]
[EventDate "2022.10.18"]
[EventType "k.o."]

1. Nf3 d5 2. b3 Nf6 3. Bb2 c5 4. e3 g6 5. g3 Bg7 6. Bg2 O-O 7. O-O b6 8. c4 Bb7 9. Na3 ({RR} 9. d4 dxc4 10. bxc4 cxd4 11. exd4 Nbd7 12. Nc3 Rc8 13. Qe2 Qc7 14. Qxe7 Qxc4 15. Qa3 Qa6 16. Qxa6 Bxa6 17. Rfd1 Bb7 18. Nb5 Bd5 19. Ba3 Rfd8 20. Be7 Re8 21. Nd6 Rxe7 22. Nxc8 Re2 23. Nxa7 Ng4 {Artemiev,V (2716)-Nepomniachtchi,I (2784) Chess.com INT 2020 1-0}) ({RR} 9. cxd5 Bxd5 10. Nc3 Bb7 11. d4 cxd4 12. Nxd4 Bxg2 13. Kxg2 Na6 14. Qf3 Rc8 15. Rfd1 e5 16. Ne6 fxe6 17. Rxd8 Rcxd8 18. Rd1 Nd5 19. Qg4 Nc5 20. b4 Nf6 21. Qc4 {1-0 (21) Artemiev,V (2709)-Karthikeyan,M (2606) Chess.com INT 2021}) 9... Nbd7 $146 ({RR} 9... e6 10. Qe2 Nbd7 11. d4 Qe7 12. dxc5 Nxc5 13. Rfd1 dxc4 14. Nxc4 Rfd8 15. Rxd8+ Rxd8 16. Rd1 Rxd1+ 17. Qxd1 Qd7 18. Qxd7 Nfxd7 19. Bxg7 Kxg7 20. Ne1 Bxg2 21. Kxg2 Nb7 22. Kf3 Kf6 23. Ke2 Ne5 24. Nxe5 {Kochyev,A (2505)-Kuporosov,V (2355) Kostroma 1985 ½-½ (31)}) 10. Qe2 Qb8 11. cxd5 Bxd5 12. d3 e5 13. Nc4 Re8 14. e4 Bc6 15. a4 Qc7 16. Bc3 a6 17. Rfc1 b5 18. Na5 Rab8 19. Nxc6 Qxc6 20. axb5 axb5 21. b4 Qd6 22. Qb2 cxb4 23. Bxb4 Qxd3 24. Ng5 Bf8 25. Bf1 Qd4 26. Bc3 Qd6 27. Qb3 Qe7 28. Ra7 Nc5 29. Qxf7+ Qxf7 30. Nxf7 Ncd7 31. Ng5 Bc5 32. Ra5 h6 33. Nf3 Nxe4 34. Be1 Nd6 35. Bh3 Nf5 36. Nh4 Rbc8 37. Nxf5 gxf5 38. Bxf5 Bxf2+ 39. Kxf2 Rxc1 40. Bxd7 Rf8+ 41. Ke2 Rc2+ 42. Ke3 Rxh2 43. Rxb5 Rf1 44. Bc3 Kf7 45. Bc6 Rc1 46. Bd5+ Kf6 47. Rb6+ Kg5 48. Bb4 Rc7 49. Be4 Rg7 50. Bf8 Rg8 51. Be7+ Kg4 52. Bf6 Rg5 53. Bxg5 hxg5 54. Rg6 Rh3 55. Bf3+ Kf5 56. Be4+ Kg4 57. Bf3+ Kf5 58. Rg8 Rxg3 59. Kf2 Rh3 60. Rf8+ Kg6 61. Be4+ Kg7 62. Rf5 Ra3 63. Rxg5+ Kf6 64. Rg6+ Kf7 65. Rb6 Ke7 66. Ke2 Rc3 67. Kd2 Rg3 68. Rh6 Ra3 69. Rg6 Rh3 70. Kc2 Re3 71. Rg4 Kd6 72. Kd2 Ra3 73. Ke2 Rc3 74. Bd3 Kd5 75. Ke3 Ra3 76. Rh4 Rc3 77. Rh8 Ra3 78. Rd8+ Ke6 79. Rb8 Kd5 80. Rb5+ Kd6 81. Rb4 Kd5 82. Rc4 Rb3 83. Rc8 Ra3 84. Rd8+ Ke6 85. Kd2 Ra4 86. Kc3 Rd4 87. Bc4+ Ke7 88. Rh8 Rd1 89. Rh6 Rd6 90. Rh7+ Kf6 91. Rf7+ Kg5 92. Bd3 Kg4 93. Re7 Kf4 94. Kd2 Rb6 95. Rf7+ Kg3 96. Ke3 Rb3 97. Rg7+ Kh3 98. Ke4 Kh2 99. Be2 Rg3 100. Bg4 Kg2 101. Bf3+ Kh2 102. Rh7+ Rh3 103. Re7 Rh4+ 104. Ke3 e4 105. Be2 Rh3+ 106. Kf4 Kg2 107. Rb7 Rh8 108. Ke3 Rh3+ 109. Kf4 Rh8 110. Bg4 Rf8+ 111. Ke3 Rg8 112. Bd1 Kg3 113. Rb5 Rg7 114. Be2 Rg6 115. Rh5 Rg7 116. Rh8 Rg5 117. Bf1 Rg7 118. Rh1 Rg5 119. Rh7 Rg6 120. Rh8 Rg5 121. Bc4 Rg7 122. Be6 Rg5 123. Rh3+ Kg2 124. Kf4 Rc5 125. Re3 Kf2 126. Bg4 Rc2 127. Bh5 Rd2 128. Bg4 Rb2 129. Be6 Re2 130. Rh3 Rd2 131. Rh2+ Ke1 132. Rh1+ Kf2 133. Bc4 Kg2 134. Rc1 Kf2 135. Rf1+ Kg2 136. Ke3 Rc2 137. Be2 Rc3+ 138. Kd4 Rc2 139. Bb5 e3 140. Kxe3 Rc3+ 141. Kd4 Rf3 142. Rb1 Rf5 143. Bd3 Rg5 144. Ke4 Kg3 145. Be2 Ra5 146. Rb3+ Kf2 147. Bc4 Ra7 148. Kf4 Rd7 149. Rb2+ Ke1 150. Ke3 Re7+ 151. Kd3 Rd7+ 152. Kc3 Re7 153. Bd3 Re3 154. Kd4 Re7 155. Be4 Rd7+ 156. Ke3 Rd8 157. Rg2 Rf8 158. Bg6 Rf6 159. Bd3 Re6+ 160. Be4 Rf6 161. Re2+ Kf1 162. Rh2 Ke1 163. Re2+ Kf1 164. Rc2 Kg1 165. Rg2+ Kf1 166. Rg5 Ke1 167. Bf5 1-0

[Event "Aimchess Rapid KO"]
[Site "chess24.com INT"]
[Date "2022.10.20"]
[Round "3.12"]
[White "Duda, J."]
[Black "Mamedyarov, S."]
[Result "1-0"]
[WhiteElo "2731"]
[BlackElo "2747"]
[PlyCount "79"]
[EventDate "2022.10.18"]
[EventType "k.o."]

1. Nf3 d5 2. c4 dxc4 3. e3 Nf6 4. Bxc4 e6 5. b3 ({RR} 5. O-O a6 6. Qe2 c5 7. Rd1 b5 8. Bb3 Bb7 9. a4 b4 10. d3 Be7 11. Nbd2 O-O 12. a5 Bc6 13. d4 Nbd7 14. e4 Qb8 15. e5 Nd5 16. Nc4 Bb5 17. Qe4 cxd4 18. Nxd4 Nc5 19. Qg4 Nxb3 {Kramnik,V (2791)-Karjakin,S (2760) Moscow 2010 0-1 (67)}) 5... c5 ({RR} 5... a6 6. Bb2 Be7 7. O-O O-O 8. d4 b6 9. Nbd2 Bb7 10. Qe2 Nbd7 11. e4 c5 12. Rfd1 cxd4 13. Nxd4 Qb8 14. Nxe6 fxe6 15. Bxe6+ Kh8 16. e5 Nd5 17. Bxd7 Nf4 18. Qe3 Bc5 19. Qe1 Nd3 20. Qe2 {De Francesco,K (2190)-Dishman,S (2272) Bad Woerishofen GER 2025 0-1}) 6. Bb2 a6 7. Ne5 Nbd7 $146 ({RR} 7... b5 8. Be2 Bb7 9. O-O Be7 10. a4 bxa4 11. Rxa4 O-O 12. Na3 Nbd7 13. Nac4 Qc7 14. Bf3 Bd5 15. d3 Nb6 16. Ra3 Rfb8 17. Bc3 Nfd7 18. Nxd7 Qxd7 19. e4 Bxc4 20. dxc4 Qc7 21. e5 Ra7 22. Qe2 {Chabanon,J (2446)-Guliyev,N (2552) Clichy 2019 ½-½ (50)}) 8. f4 g6 9. a4 Bg7 10. O-O O-O 11. a5 Nd5 12. Nd3 Bxb2 13. Nxb2 b5 14. axb6 N7xb6 15. Be2 Bb7 16. Na3 Nb4 17. Qc1 Qe7 18. Nac4 Nxc4 19. Nxc4 Rfd8 20. Qc3 Rac8 21. Rf2 f6 22. h4 Be4 23. g4 Qg7 24. g5 f5 25. Ne5 Nc6 26. Rxa6 Nxe5 27. Qxe5 Qxe5 28. fxe5 Rxd2 29. Bc4 Rd1+ 30. Rf1 Rd2 31. Bxe6+ Kh8 32. Rfa1 Rg2+ 33. Kf1 Rf8 34. Bc4 Rh2 35. e6 f4 36. e7 Re8 37. exf4 Kg7 38. Ra7 Rxh4 39. Kf2 Rxf4+ 40. Ke3 1-0